000
00320nam a22001217a 4500
999
_c
8529
_d
8529
008
200316b ||||| |||| 00| 0 eng d
100
_a
Ali, Javed
245
_a
Dosage From Design
250
_a
Reprint 2019
260
_a
New Delhi
_b
Birla Publications
650
_a
Pharmaceutical Dosage form /Cosmetic
942
_2
ddc
_c
BK